书目信息 |
| 题名: |
艺术的塑造者
|
|
| 作者: | 张芃 著 | |
| 分册: | ||
| 出版信息: | 北京 北京工业大学出版社 2019.1 |
|
| 页数: | 222页 | |
| 开本: | 24cm | |
| 丛书名: | ||
| 单 册: | ||
| 中图分类: | J811 | |
| 科图分类: | ||
| 主题词: | 戏剧--导演艺术 | |
| 电子资源: | ||
| ISBN: | 978-7-5639-6258-7 | |
| 000 | 01028nam0 2200277 45 | |
| 001 | 012001000650 | |
| 005 | 20130909114720.0 | |
| 010 | @a978-7-5639-6258-7@dCNY48.00 | |
| 099 | @aCAL 012019062881 | |
| 100 | @a20190306d2019 em y0chiy0110 ea | |
| 101 | 0 | @achi |
| 102 | @aCN@b110000 | |
| 105 | @ay a 000yy | |
| 106 | @ar | |
| 200 | 1 | @a艺术的塑造者@Ayi shu de su zao zhe@e戏剧导演的技巧与思维拓展@f张芃著 |
| 210 | @a北京@c北京工业大学出版社@d2019.1 | |
| 215 | @a222页@d24cm | |
| 300 | @a其他题名:戏剧导演的技巧与思维拓展 | |
| 320 | @a有书目 (第221-222页) | |
| 330 | @a本书主要从戏剧导演的技巧与思维两个方面对戏剧导演进行一个整体的分析研究,全书分为四部分共七章的内容:艺术的塑造者——认识戏剧导演;舞台光影和美学追求的结合——戏剧导演的技巧;戏剧创作的灵魂——戏剧导演的思维;创造演出的艺术家——戏剧导演再认识。 | |
| 517 | 1 | @a戏剧导演的技巧与思维拓展 |
| 606 | 0 | @a戏剧@x导演艺术 |
| 690 | @aJ811@v5 | |
| 701 | 0 | @a张芃@Azhang peng@4著 |
| 801 | @aCN@b江苏凤凰@c20211018 | |
| 905 | @b1340488-91@dJ811@e147@f4 | |
| 艺术的塑造者:戏剧导演的技巧与思维拓展/张芃著.-北京:北京工业大学出版社,2019.1 |
| 222页;24cm |
| 其他题名:戏剧导演的技巧与思维拓展 |
| ISBN 978-7-5639-6258-7:CNY48.00 |
| 本书主要从戏剧导演的技巧与思维两个方面对戏剧导演进行一个整体的分析研究,全书分为四部分共七章的内容:艺术的塑造者——认识戏剧导演;舞台光影和美学追求的结合——戏剧导演的技巧;戏剧创作的灵魂——戏剧导演的思维;创造演出的艺术家——戏剧导演再认识。 |
| ● |
| 相关链接 |
|
|
|
|
正题名:艺术的塑造者
索取号:J811/147
 
预约/预借
| 序号 | 登录号 | 条形码 | 馆藏地/架位号 | 状态 | 备注 |
| 1 | 1340488 | 213404886 | 第一样本阅览室/ [索取号:J811/147] | 在馆 | |
| 2 | 1340489 | 213404895 | 第一借阅区/ [索取号:J811/147] | 在馆 | |
| 3 | 1340490 | 213404902 | 第一借阅区/ [索取号:J811/147] | 在馆 | |
| 4 | 1340491 | 213404911 | 第一借阅区/ [索取号:J811/147] | 在馆 |